• 首页
  • 本馆介绍
  • 公告通知
  • 最新文献
  • 馆藏检索
  • 电子资源
  • 读者导购
  • 参考咨询
  • 我的图书馆
  • 登录
  • 详细信息显示
  • 放入我的书架
  • 预约/预借图书
  • 作者相关作品
  • 分类相关作品
  • 丛书相关作品
  • 出版社相关作品

书目信息

  • 表格格式
  • 工作单格式
  • 卡片格式
题名:
地球简史
    
 
作者: ;黄少安 译 ;日本博学俱乐部 著
分册:  
出版信息: 福州   福建科学技术出版社  2019.6
页数: 190页
开本: 24cm
丛书名:
单 册:
中图分类: P311
科图分类:
主题词: 地球科学
电子资源:
ISBN: 978-7-5335-5852-9
000 01283nam0 2200265 45
001 012001001613
005 20140914140952.0
010    @a978-7-5335-5852-9@b精装@dCNY49.80
100    @a20190624d2019 em y0chiy50 ea
101 1  @achi@cjpn
102    @aCN@b350000
105    @aa z 000yy
106    @ar
200 1  @a地球简史@Adi qiu jian shi@b专著@dA brief history of the earth@e图解珍藏版@f(日)日本博学俱乐部著@g黄少安译@zeng
210    @a福州@c福建科学技术出版社@d2019.6
215    @a190页@d24cm
300    @a并列题名:Brief history of the earth
330    @a本书主要介绍自地球诞生开始到今天,地球发生的各种各样的变化。丰富的图片内容及浅显易懂的预压,为读者们呈现不一样的地球史和人类史。小行星间的碰撞,月球的诞生,大海与陆地的形成,大陆板块的漂移,冰河时期,全球温室效应,应接不暇的地球环境变化,时时刻刻都在发生。而在这种环境剧烈变化的情况下,生命孕育而生。经历过反复地进化之后,在700万年前,终于人类诞生了……地球自诞生起,已经经历了46亿年的漫长岁月。这46亿年里,地球像是演绎了一部巨大而漫长的电视剧。
510 1  @aBrief history of the earth@zeng
606 0  @a地球科学
690    @aP311@v5
702  0 @a黄少安@Ahuang shao an@4译
711 02 @c(日)@a日本博学俱乐部@Ari ben bo xue ju le bu@4著
801  0 @aCN@bBJSDL@c20211011
905    @b1336529-32@dP311@e179@f4
    
    地球简史=A brief history of the earth:图解珍藏版/(日)日本博学俱乐部著/黄少安译.-福州:福建科学技术出版社,2019.6
    190页;24cm
    并列题名:Brief history of the earth
    
    ISBN 978-7-5335-5852-9(精装):CNY49.80
    本书主要介绍自地球诞生开始到今天,地球发生的各种各样的变化。丰富的图片内容及浅显易懂的预压,为读者们呈现不一样的地球史和人类史。小行星间的碰撞,月球的诞生,大海与陆地的形成,大陆板块的漂移,冰河时期,全球温室效应,应接不暇的地球环境变化,时时刻刻都在发生。而在这种环境剧烈变化的情况下,生命孕育而生。经历过反复地进化之后,在700万年前,终于人类诞生了……地球自诞生起,已经经历了46亿年的漫长岁月。这46亿年里,地球像是演绎了一部巨大而漫长的电视剧。
●
相关链接 在E读中查询图书 在五车中查询图书 在当当中查询图书 在豆瓣中查询图书


正题名:地球简史     索取号:P311/179         预约/预借

序号 登录号 条形码 馆藏地/架位号 状态 备注
1 1336529   213365295   第二样本阅览室/ [索取号:P311/179] 在馆    
2 1336530   213365302   第三借阅区/ [索取号:P311/179] 在馆    
3 1336531   213365311   第三借阅区/ [索取号:P311/179] 在馆    
4 1336532   213365320   第三借阅区/ [索取号:P311/179] 在馆    
唐山师范学院图书馆 欢迎您!
大连网信软件有限公司© 版权所有